Quebec by Picture - Statistics

General Stats
  • This quiz has been taken 184 times
  • The average score is 11 of 18
Answer Stats
Picture Hint Answer % Correct
food Poutine
95%
singer Céline Dion
90%
famous hotel Château {Frontenac}
90%
French symbol Fleur-de-lis
85%
breakfast condiment Maple syrup
74%
food Tourtière
74%
founder of Québec City Samuel de Champlain
71%
river St. Lawrence
65%
peninsula Gaspé
63%
15th prime minister of Canada Pierre Trudeau
57%
waterfall {Montmorency} Falls
56%
city Trois-Rivières
46%
island Anticosti
45%
city Gatineau
35%
provincial bird {Snowy} owl
35%
museum built for Expo 67 The {Biosphere}
32%
circular reservoir Lake {Manicouagan}
28%
Inuit homeland Nunavik
25%
No matching quizzes found
Score Distribution
Percent of People with Each Score
Percentile by Number Answered
Your Score History
You have not taken this quiz